Verilog digital system design : (Record no. 14630)

MARC details
000 -LEADER
fixed length control field 01390nam a22003137a 4500
001 - CONTROL NUMBER
control field ENG-90614
005 - DATE AND TIME OF LATEST TRANSACTION
control field 20060929121129.0
008 - FIXED-LENGTH DATA ELEMENTS--GENERAL INFORMATION
fixed length control field 080729t xxu||||| |||| 00| 0 eng d
010 ## - LIBRARY OF CONGRESS CONTROL NUMBER
LC control number ENG-90614
020 ## - INTERNATIONAL STANDARD BOOK NUMBER
International Standard Book Number 0070252211
Terms of availability 395.00
035 ## - SYSTEM CONTROL NUMBER
System control number EN-74147
037 ## - SOURCE OF ACQUISITION
Source of stock number/acquisition DBAD / PUB
040 ## - CATALOGING SOURCE
Original cataloging agency DPL
082 ## - DEWEY DECIMAL CLASSIFICATION NUMBER
Classification number 621.392
100 ## - MAIN ENTRY--PERSONAL NAME
Personal name Navabi, Zainalabedin.
245 ## - TITLE STATEMENT
Title Verilog digital system design :
Remainder of title RT level synthesis, testbench, and verification /
Statement of responsibility, etc by Zainalabedin Navabi.
250 ## - EDITION STATEMENT
Edition statement 2nd ed.
260 ## - PUBLICATION, DISTRIBUTION, ETC. (IMPRINT)
Place of publication, distribution, etc New Delhi
Name of publisher, distributor, etc Tata McGraw-Hill Publishing
Date of publication, distribution, etc 2008.
300 ## - PHYSICAL DESCRIPTION
Extent xvi, 384 p. :
Other physical details ill.
Dimensions 24 cm. (pbk)
Accompanying material 1 CD-ROM (4 3/4 in.)
500 ## - GENERAL NOTE
General note Includes bibliographical references and index.
650 ## - SUBJECT ADDED ENTRY--TOPICAL TERM
Topical term or geographic name as entry element Verilog (Computer hardware description language)
650 ## - SUBJECT ADDED ENTRY--TOPICAL TERM
Topical term or geographic name as entry element Electronic digital computers
General subdivision Computer-aided design.
856 ## - ELECTRONIC LOCATION AND ACCESS
Uniform Resource Identifier <a href="http://www.loc.gov/catdir/enhancements/fy0668/2006271457-b.html">http://www.loc.gov/catdir/enhancements/fy0668/2006271457-b.html</a>
856 ## - ELECTRONIC LOCATION AND ACCESS
Uniform Resource Identifier <a href="http://www.loc.gov/catdir/enhancements/fy0668/2006271457-d.html">http://www.loc.gov/catdir/enhancements/fy0668/2006271457-d.html</a>
856 ## - ELECTRONIC LOCATION AND ACCESS
Uniform Resource Identifier <a href="http://www.loc.gov/catdir/enhancements/fy0668/2006271457-t.html">http://www.loc.gov/catdir/enhancements/fy0668/2006271457-t.html</a>
942 ## - ADDED ENTRY ELEMENTS (KOHA)
Source of classification or shelving scheme Dewey Decimal Classification
Koha item type English Books
Classification part 621.392
Call number suffix NAV
Holdings
Withdrawn status Lost status Damaged status Not for loan Collection code Home library Current library Date acquired Source of acquisition Cost, normal purchase price Total Checkouts Full call number Barcode Date last seen Copy number Cost, replacement price Price effective from Koha item type
      Not For Loan Non-fiction D.B.Act.Division D.B.Act.Division 29/07/2008 DBAD / PUB 395.00   621.392 NAV EN-74147 15/09/2008 1 395.00 15/09/2008 English Books

© Delhi Public Library
Hit Counter
free hit counter